00393nam a2200145Ia 4500008004100000040001900041041001200060082001700072245005600089260002500145300002400170650000800194700003100202850001400233131103s9999 xx 000 0 und d aLoreto College aEnglish aREF/LbLCBED aIdeals easter issuecEdited by Maryjane Hooper Tonn aU.S.A.bIdealsc1980 a45p.b ill.c 22cm. aREF aTonn, Maryjane Hooper ;ed. aLCBED/REF